| 000 -LEADER |
| fixed length control field |
00510nam a22001817a 4500 |
| 008 - FIXED-LENGTH DATA ELEMENTS--GENERAL INFORMATION |
| fixed length control field |
221215b 1998 ||||| |||| 00| 0 eng d |
| 082 ## - DEWEY DECIMAL CLASSIFICATION NUMBER |
| Classification number |
387 |
| Item number |
RAG |
| 100 ## - MAIN ENTRY--PERSONAL NAME |
| Personal name |
Raghuram, G. |
| 245 ## - TITLE STATEMENT |
| Title |
Shipping management : cases and concepts |
| 260 ## - PUBLICATION, DISTRIBUTION, ETC. (IMPRINT) |
| Place of publication, distribution, etc |
Delhi |
| Name of publisher, distributor, etc |
Macmillan India Limited |
| Date of publication, distribution, etc |
1998 |
| 300 ## - PHYSICAL DESCRIPTION |
| Extent |
xiii, 487p. |
| 650 ## - SUBJECT ADDED ENTRY--TOPICAL TERM |
| Topical term or geographic name as entry element |
Sale and Acquisition |
| 650 ## - SUBJECT ADDED ENTRY--TOPICAL TERM |
| Topical term or geographic name as entry element |
Chartering |
| 650 ## - SUBJECT ADDED ENTRY--TOPICAL TERM |
| Topical term or geographic name as entry element |
Financial Management |
| 700 ## - ADDED ENTRY--PERSONAL NAME |
| Personal name |
Asopa, V. N. |
| Relator term |
Co-author |
| 700 ## - ADDED ENTRY--PERSONAL NAME |
| Personal name |
Bhatnagar, Deepti |
| Relator term |
Co-author |
| 942 ## - ADDED ENTRY ELEMENTS (KOHA) |
| Item type |
Gratis Books |